000 00596nam a2200229 i 4500
001 C2-0118230
003 PPAK
005 20180727111109.0
008 970731s1989 si a|||| ||||| | eng d
040 _aPPAK
_beng
_cPPAK
_erda
082 0 4 _a380.1
_223
090 0 0 _a380.1
_bHAN
_dKIH
245 0 0 _aHandbook for importer
250 _aGoh, Tien Wah
264 1 _aSingapore :
_bRank Books ,
_c1989
300 _a128 pages :
_billustrations ;
_c21 cm
336 _2rdacontent
_atext
337 _2rdamedia
_aunmediated
338 _2rdacarrier
_avolume
650 1 0 _aCommerce
942 _ddc
_cB
999 _c32094
_d32094